| 000 | 01571nam a22003737a 4500 | ||
|---|---|---|---|
| 003 | PE-LiUPU | ||
| 005 | 20250731184610.0 | ||
| 008 | 230504b |||||||| |||| 00| 0 spa d | ||
| 020 | _a9786124466014 | ||
| 040 |
_bspa _cPE-LiUPU _dPE-LiUPU _erda |
||
| 082 |
_223 _a985.4202 _bC221c |
||
| 100 |
_aCañedo-Argüelles Fábrega, Teresa _eautor _9994 |
||
| 245 |
_aContribuciones a la Historia del Sur Peruano / _cTeresa Cañedo-Argüelles Fábrega y Pedro Peralta Casani, homenaje a Frankiln Pease G. Y. |
||
| 250 | _aPrimera edición | ||
| 264 |
_aMoquegua : _bArqchivo Regional Moquegua y Universidad Nacional de Moquegua, _c2019. |
||
| 300 |
_a282 páginas : _c21 centímetros. |
||
| 500 | _aHomenaje a Franklin Pease G. Y., Prólogo de Mariana Mould de Pease. | ||
| 505 | _aMoquegua en la historia andina del Perú y la obra de Franklin Pease G. Y. (1939-99) -- Índice del cuarto libro notarial de Moquegua -- Introducción al cuarto libro notarial de Moquegua. Notario Diego Dávila del 6 de enero de 1605 al 11 de diciembre de 1609 -- Índice del cuarto libro notarial de Moquegua (1605-1609). | ||
| 526 | _aP136 | ||
| 526 | _aP135 | ||
| 526 | _aP134 | ||
| 526 | _aP133 | ||
| 526 | _aP144 | ||
| 526 | _aP143 | ||
| 526 | _aP87 | ||
| 526 | _aP35 | ||
| 526 | _aP20 | ||
| 526 | _aP14 | ||
| 526 | _aP10 | ||
| 526 | _aP06 | ||
| 651 | 0 |
_aMoquegua (Perú : Departamento) _xHistoria _9995 _vDocumentos _yRepública |
|
| 942 |
_2ddc _cBK _n0 |
||
| 999 |
_c61760 _d61760 |
||
| 980 |
_618226 _aJaime Vilcazán Jefe de Análisis Documental _81 _gALBERTO SANCHEZ Responsable de Automatización |
||